| 000 | 00415nam a2200193Ia 4500 | ||
|---|---|---|---|
| 001 | 14454 | ||
| 003 | GE_BSU | ||
| 008 | 181216s||||||||xx |||||||||||||| ||und|| | ||
| 040 | _cGE_BSU | ||
| 080 | _a821.111-3 | ||
| 100 | _aBawden,Nina | ||
| 245 | 4 | _aThe Secret Passage. | |
| 260 | _aNew York | ||
| 260 | _bPuffin books | ||
| 260 | _c1963 | ||
| 300 | _a153p.18cm. | ||
| 653 | _aThe Secret Passage. | ||
| 942 | _cBK | ||
| 999 |
_c47587 _d47587 |
||